[Event "35th European Club Cup 2019"]
[Site "Ulcinj"]
[Date "2019.11.12"]
[Round "3.5"]
[White "Goormachtigh, Johan"]
[Black "Sogaard, Soren"]
[Result "1/2-1/2"]
[WhiteElo "2180"]
[BlackElo "2248"]
[Annotator "NA"]
[PlyCount "55"]
[EventDate "2019.11.10"]
[EventType "team-tourn"]
[EventCountry "MNE"]
[SourceTitle "playchess.com"]
[Source "ChessBase"]
[SourceQuality "1"]
[WhiteTeam "KGSRL Gent"]
[BlackTeam "Aarhus Skolerne"]
[TimeControl "40/5400+30:1800+30"]

1. d4 {[%emt 0:00:00]} Nf6 {[%emt 0:00:00]} 2. Nf3 {[%emt 0:00:26]} g6 {[%emt 0:00:08]} 3. c4 {[%emt 0:00:10]} c5 {[%emt 0:01:04]} 4. Nc3 {[%emt 0:00:20]} Bg7 {[%emt 0:01:14]} 5. e4 {[%emt 0:02:08]} O-O {[%emt 0:03:02]} 6. Be2 {[%emt 0:01:39]} d6 {[%emt 0:01:43]} 7. O-O {[%emt 0:06:09]} Na6 {[%emt 0:01:23]} 8. d5 {[%emt 0:05:07]} Nc7 {[%emt 0:02:02]} 9. Bf4 {[%emt 0:08:11]} a6 {[%emt 0:03:14]} 10. a4 {[%emt 0:01:47]} b6 {[%emt 0:00:53]} 11. h3 {[%emt 0:01:29]} Rb8 {[%emt 0:06:27]} 12. e5 {[%emt 0:15:01]} Nfe8 {[%emt 0:02:36]} 13. Qb3 {[%emt 0:07:47]} Bd7 {[%emt 0:05:53]} 14. Rfd1 {[%emt 0:09:35]} b5 {[%emt 0:11:56]} 15. axb5 {[%emt 0:01:14]} axb5 {[%emt 0:00:38]} 16. cxb5 {[%emt 0:01:46]} Nxb5 {[%emt 0:02:40]} 17. Bxb5 {[%emt 0:05:22]} Bxb5 {[%emt 0:11:12]} 18. Nxb5 {[%emt 0:02:25]} Qb6 {[%emt 0:00:38]} 19. Qd3 {[%emt 0:05:17]} Qxb5 {[%emt 0:00:51]} 20. Qxb5 {[%emt 0:00:33]} Rxb5 {[%emt 0:00:05]} 21. Ra7 {[%emt 0:00:04]} dxe5 {[%emt 0:10:05]} 22. Nxe5 {[%emt 0:03:20]} Bxe5 {[%emt 0:00:30]} 23. Bxe5 {[%emt 0:00:02]} f6 {[%emt 0:00:06]} 24. Bg3 {[%emt 0:09:04]} Rf7 {[%emt 0:01:11]} 25. Ra8 {[%emt 0:00:30]} Rf8 {[%emt 0:09:19]} 26. Ra7 {[%emt 0:01:00]} Rf7 {[%emt 0:00:08]} 27. Ra8 {[%emt 0:00:56]} Rf8 {[%emt 0:00:06]} 28. Ra7 {[%emt 0:01:01]} 1/2-1/2

[Event "35th European Club Cup 2019"]
[Site "Ulcinj"]
[Date "2019.11.12"]
[Round "3.6"]
[White "Murzin, Volodar"]
[Black "Damjanovic, Vladimir"]
[Result "1-0"]
[WhiteElo "2429"]
[BlackElo "2398"]
[Annotator "NA"]
[PlyCount "89"]
[EventDate "2019.11.10"]
[EventType "team-tourn"]
[EventCountry "MNE"]
[SourceTitle "playchess.com"]
[Source "ChessBase"]
[SourceQuality "1"]
[WhiteTeam "Moscow Chess Team"]
[BlackTeam "Itaka"]
[TimeControl "40/5400+30:1800+30"]

1. e4 {[%emt 0:00:00]} c5 {[%emt 0:00:00]} 2. Nf3 {[%emt 0:00:00]} e6 {[%emt 0:00:39]} 3. g3 {[%emt 0:00:20]} d5 {[%emt 0:01:03]} 4. exd5 {[%emt 0:00:18]} exd5 {[%emt 0:00:19]} 5. d4 {[%emt 0:00:10]} Nf6 {[%emt 0:00:44]} 6. Bg2 {[%emt 0:00:18]} Nc6 {[%emt 0:02:03]} 7. O-O {[%emt 0:00:25]} h6 {[%emt 0:02:19]} 8. Re1+ {[%emt 0:01:16]} Be6 {[%emt 0:02:56]} 9. Nbd2 {[%emt 0:03:59]} Qb6 {[%emt 0:10:05]} 10. Nb3 {[%emt 0:17:58]} c4 {[%emt 0:03:47]} 11. Nbd2 {[%emt 0:00:12]} Nxd4 {[%emt 0:12:07]} 12. Nxd4 {[%emt 0:00:39]} Qxd4 {[%emt 0:00:32]} 13. c3 {[%emt 0:00:31]} Qc5 {[%emt 0:08:44]} 14. Nf3 {[%emt 0:01:32]} Qb6 {[%emt 0:08:58]} 15. Be3 {[%emt 0:04:22]} Bc5 {[%emt 0:00:13]} 16. Qa4+ {[%emt 0:01:00]} Ke7 {[%emt 0:02:44]} 17. Nd4 {[%emt 0:03:44]} Rhe8 {[%emt 0:01:08]} 18. b4 {[%emt 0:14:59]} cxb3 {[%emt 0:00:07]} 19. axb3 {[%emt 0:00:07]} a5 {[%emt 0:02:34]} 20. Reb1 {[%emt 0:02:38]} Bd7 {[%emt 0:01:44]} 21. Qa2 {[%emt 0:00:39]} Ng4 {[%emt 0:05:45]} 22. Bf4 {[%emt 0:03:47]} Kf8 {[%emt 0:03:26]} 23. b4 {[%emt 0:03:15]} Bxd4 {[%emt 0:00:43]} 24. cxd4 {[%emt 0:00:52]} Bf5 {[%emt 0:05:02]} 25. Rd1 {[%emt 0:08:22]} axb4 {[%emt 0:06:25]} 26. Qxa8 {[%emt 0:03:27]} Rxa8 {[%emt 0:00:05]} 27. Rxa8+ {[%emt 0:00:08]} Ke7 {[%emt 0:00:06]} 28. Bxd5 {[%emt 0:01:16]} g5 {[%emt 0:08:44]} 29. Rb8 {[%emt 0:05:05]} gxf4 {[%emt 0:09:20]} 30. Rxb7+ {[%emt 0:00:13]} Qxb7 {[%emt 0:00:03]} 31. Bxb7 {[%emt 0:00:06]} fxg3 {[%emt 0:00:57]} 32. hxg3 {[%emt 0:00:39]} Bc2 {[%emt 0:00:37]} 33. Re1+ {[%emt 0:01:22]} Kd6 {[%emt 0:00:04]} 34. Be4 {[%emt 0:04:09]} Bxe4 {[%emt 0:00:07]} 35. Rxe4 {[%emt 0:00:01]} Nf6 {[%emt 0:00:02]} 36. Rf4 {[%emt 0:00:39]} Nd5 {[%emt 0:01:58]} 37. Rxf7 {[%emt 0:00:35]} Kc6 {[%emt 0:01:44]} 38. Kf1 {[%emt 0:00:30]} Nc3 {[%emt 0:00:29]} 39. Rf3 {[%emt 0:02:02]} Kd5 {[%emt 0:00:18]} 40. Ke1 {[%emt 0:00:00]} Kxd4 {[%emt 0:00:00]} 41. Rf4+ {[%emt 0:01:11]} Kc5 {[%emt 0:01:42]} 42. Kd2 {[%emt 0:00:07]} Nd5 {[%emt 0:01:19]} 43. Rh4 {[%emt 0:00:30]} Nf6 {[%emt 0:00:49]} 44. Rxh6 {[%emt 0:00:37]} Ne4+ {[%emt 0:00:14]} 45. Ke3 {[%emt 0:00:06]} 1-0

[Event "35th European Club Cup 2019"]
[Site "Ulcinj"]
[Date "2019.11.12"]
[Round "3.6"]
[White "Rendboe, John Filip"]
[Black "Vanheirzeele, Daniel"]
[Result "1/2-1/2"]
[WhiteElo "2119"]
[BlackElo "2105"]
[Annotator "NA"]
[PlyCount "60"]
[EventDate "2019.11.10"]
[EventType "team-tourn"]
[EventCountry "MNE"]
[SourceTitle "playchess.com"]
[Source "ChessBase"]
[SourceQuality "1"]
[WhiteTeam "Aarhus Skolerne"]
[BlackTeam "KGSRL Gent"]
[TimeControl "40/5400+30:1800+30"]

1. c4 Nf6 2. d4 e6 3. Nc3 Bb4 4. e3 b6 5. Nge2 Ne4 6. f3 Nxc3 7. bxc3 Bd6 8. e4 O-O 9. Be3 c5 10. e5 Be7 11. Ng3 f5 12. exf6 Bxf6 13. Be2 Nc6 14. O-O cxd4 15. cxd4 Ba6 16. Rc1 Rc8 17. d5 Na5 18. c5 Bxe2 19. Nxe2 bxc5 20. Rxc5 Nc4 21. Bf2 Qe7 22. Rxc8 Rxc8 23. Ng3 e5 24. Qa4 Nb6 25. Qb5 Qd6 26. Rd1 Qc7 27. Ne4 Qc2 28. Qb3 Qxb3 29. axb3 Rc2 30. Kf1 Rb2 1/2-1/2

[Event "35th European Club Cup 2019"]
[Site "Ulcinj"]
[Date "2019.11.12"]
[Round "3.7"]
[White "Howell, David W L"]
[Black "Harikrishna, Pentala"]
[Result "1/2-1/2"]
[WhiteElo "2701"]
[BlackElo "2731"]
[Annotator "TA"]
[PlyCount "471"]
[EventDate "2019.11.10"]
[EventType "team-tourn"]
[EventCountry "MNE"]
[SourceTitle "playchess.com"]
[Source "ChessBase"]
[SourceQuality "1"]
[WhiteTeam "Valerenga"]
[BlackTeam "Novy Bor"]

{[%evp 15,471,33,43,37,41,33,36,37,40,37,45,32,36,27,44,18,24,17,26,13,18,14,16,0,9,0,14,0,45,0,0,0,0,0,5,0,9,13,13,10,8,7,7,7,7,7,7,7,7,7,7,7,49,49,56,44,58,58,65,7,7,7,7,7,7,0,7,7,7,0,7,0,7,7,7,0,7,0,0,0,7,7,7,0,7,0,7,7,7,7,7,7,7,7,7,7,7,7,29,7,70,7,7,7,7,7,7,7,7,7,7,7,7,7,7,7,7,7,7,7,29,29,29,29,70,7,7,7,7,7,7,7,7,7,7,7,7,0,7,0,0,0,0,0,0,0,0,0,36,0,0,0,0,0,0,0,0,0,0,0,0,0,0,0,0,0,0,0,0,0,0,0,0,0,0,0,0,0,0,0,0,0,0,0,0,0,0,0,0,0,0,0,0,0,33,0,0,0,68,33,33,0,33,0,0,0,0,0,0,0,0,0,0,0,0,0,0,0,0,0,0,0,62,33,33,0,62,0,0,0,0,0,0,0,0,0,0,0,0,0,0,0,0,0,0,0,0,0,0,0,0,0,0,0,0,0,0,0,0,0,0,0,33,0,0,0,33,33,33,0,33,0,0,0,33,0,0,0,0,0,0,0,33,0,0,0,33,0,0,0,33,33,54,54,54,54,54,54,54,0,54,54,54,33,54,54,54,0,33,33,33,0,42,0,54,18,18,18,18,18,18,18,18,18,18,18,18,18,18,18,18,18,18,18,18,18,18,18,18,18,18,18,18,18,18,18,18,18,18,18,18,18,18,18,18,18,18,18,18,18,18,18,18,18,18,18,18,18,18,18,18,18,18,18,18,18,18,18,18,18,18,18,19,18,30,0,0,0,0,0,0,0,0,0,0,0,0,0,0,0,0,0,0,0,0,0,0,0,0,0,0,0,0,0,0,0,0,0,0,0,0,0,0,0,0,0,0,0,0,0,0,0,0,0,0,0,0,0,0,0,0,0,0,0,0,0,0,0,0,0,0,0,0,0,0,0,0,0]} 1. e4 c5 2. Nf3 d6 3. Bb5+ Nc6 4. O-O Bd7 5. Re1 a6 6. Bxc6 Bxc6 7. d4 cxd4 8. Nxd4 Nf6 9. Nxc6 {B51: Sicilian: Moscow Variation (3 Bb5+) without 3...Bd7} bxc6 10. c4 e6 (10... g6 11. c5 d5 12. Qa4 Qd7 13. Nc3 Bg7 14. e5 Ng8 15. Bg5 h6 16. Bf4 g5 {0-1 (42) David,A (2576)-Van Wely,L (2661) Sanem 2017}) 11. Nc3 {White is slightly better.} Be7 12. b3 Nd7 $146 ({Predecessor:} 12... O-O 13. Bb2 Qc7 14. Qe2 e5 15. Rac1 Rfb8 16. Na4 {1-0 (31) Stigar,P (2211)-Chmelik,J (1999) Marianske Lazne 2018}) 13. Be3 c5 14. Bf4 Qc7 15. Qd2 Rd8 16. Rad1 {[%cal Rf4d6]} Ne5 17. Bxe5 dxe5 18. Qc2 O-O 19. Rxd8 Rxd8 20. Rd1 Rd4 21. Ne2 Rxd1+ 22. Qxd1 Qa5 23. a4 Qb4 24. g3 g6 25. Kg2 Kf8 26. Qd3 Qb7 27. Ng1 f5 28. f3 Ke8 29. Nh3 Qd7 30. Qxd7+ Kxd7 $11 {[%mdl 4096] Endgame KB-KN} 31. Nf2 Bd6 32. Nd3 Kc6 33. Kh3 a5 34. Kg2 Kd7 35. Kf2 Kc6 36. Ke2 Bc7 37. Nf2 (37. g4 $14) 37... Bd8 38. Nd1 Bg5 39. Nc3 Bc1 40. Nd1 Kd6 41. Kf1 Bd2 42. Ke2 Bc1 43. Kf1 Bd2 44. Kg2 Ke7 45. Kh3 Kd6 46. Nf2 Be3 47. Nd3 Bg5 48. Kg2 Be3 49. Kh3 Bg5 50. Kg2 Be3 51. g4 Bg5 52. Kg3 f4+ 53. Kf2 Bd8 54. Kg2 g5 55. Kh1 Bc7 56. Kg1 Kc6 57. Kf1 Bd6 (57... Kd6 $1 $11) 58. Ke1 (58. h4 $14) 58... Bc7 59. Kd1 Bd6 60. Kc1 Bc7 61. Kb1 Bd6 62. Ka1 Bc7 63. Ka2 Bd6 64. Kb2 Bc7 65. Kc2 Bd6 66. Kd2 Bc7 67. Ke2 Bd6 68. Kf2 Bc7 69. Kg2 Bd6 70. Nf2 (70. h4 $14) 70... Be7 71. Nh1 Bd6 72. Kh3 Be7 73. Nf2 Bd6 74. Nd1 Be7 75. Nc3 Bd6 76. Nb5 Be7 77. Na7+ Kb7 78. Nb5 Kc6 79. Kg2 Bf8 80. Na3 Bd6 81. Nc2 Bc7 82. Na1 Bd6 83. Kh1 Bc7 84. Kg2 Bd6 85. Kf1 Bc7 86. Ke2 Bd6 87. Kd1 Bc7 88. Kc2 Bd8 89. Kc1 Bc7 90. Nc2 Bd6 91. Kb2 Be7 92. Ne1 Bd6 93. Ka3 Be7 94. Ka2 Bd6 95. Nd3 Bc7 96. Nf2 Bd6 97. Ka1 Be7 98. Kb2 Bd6 99. Kb1 Be7 100. Kc2 Bd6 101. Kd3 Be7 102. Ke2 Bd6 103. Kf1 Be7 104. h3 Bd6 105. Kg2 Be7 106. Nd3 Bd6 (106... Kd6 $1 $11) 107. Kf2 Bc7 108. Ke2 (108. h4 $5) 108... Bd6 109. Kd2 Bc7 110. Kc2 Bd6 111. Kb2 Bc7 112. Ka2 Bd6 113. Ka1 Bc7 114. Kb1 Bd6 115. Kc1 Bc7 116. Kd1 Bd6 117. Ke1 Bc7 118. Kf1 Bd6 (118... Kd6 $1 $11) 119. Kg1 Bc7 120. Kh1 Bd6 {[#]} (120... Kd6 $1 $11) 121. Nc1 ({White should try} 121. h4 $1 $14 {[%mdl 512]}) 121... Bc7 122. Na2 Bd6 123. Nc3 Be7 124. Nb5 Bf8 125. Na7+ Kb7 126. Nb5 Kc6 127. Kg1 Be7 128. Kf1 Bf8 129. Ke1 Be7 130. Kd1 Bf8 131. Kc1 Be7 132. Na3 Bd6 133. Nc2 Be7 134. Kd2 Bd6 135. Ke2 Be7 136. Kf2 Bd6 137. Kg2 Be7 138. Kh2 Bd6 139. Na1 Be7 140. Nc2 Bd6 141. Ne1 Be7 142. Nd3 Bd6 143. Nb2 Be7 144. Kh1 Bd6 145. Kg2 Be7 146. Nd1 Bd6 147. Nf2 Be7 148. Kg1 Bd6 149. Kh1 (149. h4 $5) 149... Be7 150. Kg2 Bd6 151. Kh2 Be7 152. Nd3 Bd6 153. h4 h6 154. Kh3 Bc7 155. Kg2 Bd6 156. Kf1 Bc7 157. Kg2 Bd6 $1 158. Ne1 Be7 159. Kh3 Bd6 160. Kh2 Be7 161. Ng2 (161. hxg5 $14 Bxg5 162. Ng2) 161... Bd8 162. Kh3 Be7 163. Kh2 Bd8 164. Kh3 Be7 165. h5 Bd8 166. Kh2 Be7 167. Kh1 Bd8 168. Kg1 Be7 169. Kf1 Bd8 170. Ke1 Be7 171. Kd1 Bd6 172. Kc1 Be7 173. Kb1 Bd6 174. Ka1 Be7 175. Ne1 Bd6 176. Nd3 Bc7 177. Nf2 Bd6 178. Nh3 Be7 179. Ka2 Kd6 180. Kb2 Kc6 181. Kc2 Kd6 182. Kd2 Kc6 183. Ke2 Kd6 184. Kf2 Kc6 185. Kg2 Kd6 186. Kh2 Kc6 187. Nf2 Bd6 188. Nd3 Bc7 189. Kh3 Bd6 190. Kg2 Bc7 191. Kf1 Bd6 192. Ke2 Bc7 193. Kd1 Bd6 194. Kc2 Bc7 195. Kb1 Bd6 196. Ka2 Bc7 197. Kb2 Bd6 198. Kc1 Bc7 199. Kc2 Bd6 200. b4 cxb4 {The position is equal.} 201. Kb3 Bc7 202. c5 Bb8 203. Kc4 Bc7 204. Nc1 Bd8 205. Nb3 Bc7 206. Kd3 Bd8 207. Ke2 Bc7 208. Kf1 Bd8 209. Kg2 Bc7 210. Kh1 Bd8 211. Kh2 Bc7 212. Kg1 Bd8 213. Kf2 Bc7 214. Ke1 Bd8 215. Kd2 Bc7 216. Kc1 Bd8 217. Kb2 Bc7 218. Ka1 Bd8 219. Ka2 Bc7 220. Kb1 Bd8 221. Kc2 Bc7 222. Kd1 Bd8 223. Ke2 Bc7 224. Kd3 Bd8 225. Kc4 Bc7 226. Nc1 Bd8 227. Nd3 Bc7 228. Kb3 Bb8 229. Ka2 Bc7 230. Ka1 Bb8 231. Ka2 Bc7 232. Kb1 Bb8 233. Kc2 Bc7 234. Kb2 Bb8 235. Kc1 Bc7 236. Kd1 {Accuracy: White = 65%, Black = 74%.} 1/2-1/2

[Event "35th European Club Cup 2019"]
[Site "Ulcinj"]
[Date "2019.11.12"]
[Round "3.7"]
[White "Henderson De La Fuente, Lance"]
[Black "Pruijssers, Roeland"]
[Result "1/2-1/2"]
[WhiteElo "2497"]
[BlackElo "2557"]
[Annotator "TA"]
[PlyCount "68"]
[EventDate "2019.11.10"]
[EventType "team-tourn"]
[EventCountry "MNE"]
[SourceTitle "playchess.com"]
[Source "ChessBase"]
[SourceQuality "1"]
[WhiteTeam "Mulhouse"]
[BlackTeam "Echiquier Mosan"]

{[%evp 21,68,20,22,19,19,18,24,12,25,0,0,0,0,0,0,0,0,0,0,0,0,0,0,0,7,10,19,0,0,0,0,0,0,0,0,0,0,0,0,0,4,0,0,-5,-5,-5,-7,-18,0]} 1. d4 ({Predecessor:} 1. c4 e6 2. Nf3 d5 3. g3 Nf6 4. Bg2 Be7 5. O-O O-O {½-½ (32) Turner,M (2498)-Muir,A (2317) Edinburgh 2001}) 1... Nf6 2. c4 e6 3. Nf3 d5 4. g3 Be7 5. Bg2 O-O 6. O-O dxc4 7. Qc2 a6 8. a4 Bd7 9. Qxc4 Bc6 10. Bg5 a5 11. Nc3 Na6 12. Bxf6 $146 {E05: Open Catalan: 5 Nf3 Be7} (12. e3 Nb4 13. Rfd1 Nd7 14. Bxe7 Qxe7 15. e4 Rfd8 16. Rd2 Nb6 17. Qe2 Be8 18. b3 c5 19. Qe3 Rac8 {½-½ (75) Ding,L (2771)-Aronian,L (2802) Tbilisi 2017}) 12... Bxf6 13. e4 g6 14. Rad1 {White has an edge.} Qe7 15. d5 exd5 {The position is equal.} 16. exd5 Bd7 17. d6 cxd6 18. Nd5 Qd8 $1 19. Qf4 Bg7 20. Rfe1 {[#] aiming for Ne7+.} Be6 21. Nd4 Bxd5 22. Bxd5 Nc5 23. Nb5 Qf6 $1 {[%cal Rf6f4] White should prevent ...Qxf4.} 24. Qxf6 ({Don't play} 24. Qxd6 Nxa4 25. Qxf6 (25. Bxb7 Nxb2 26. Qxf6 Bxf6 $17) 25... Bxf6 $15) 24... Bxf6 25. b3 Rad8 26. Bc4 d5 27. Bxd5 Rd7 28. Bc4 Rfd8 29. Rxd7 Rxd7 30. Re8+ Kg7 31. Rc8 Ne4 32. Rc7 Rxc7 33. Nxc7 Bd4 34. Bd5 Nd6 {Accuracy: White = 73%, Black = 72%.} 1/2-1/2

[Event "35th European Club Cup 2019"]
[Site "Ulcinj"]
[Date "2019.11.12"]
[Round "3.7"]
[White "Kalezic, Blazo"]
[Black "Cernousek, Lukas"]
[Result "1-0"]
[WhiteElo "2455"]
[BlackElo "2461"]
[Annotator "ChessBase"]
[PlyCount "81"]
[EventDate "2019.11.10"]
[EventType "team-tourn"]
[EventCountry "MNE"]
[SourceTitle "playchess.com"]
[Source "ChessBase"]
[SourceQuality "1"]
[WhiteTeam "Buducnost"]
[BlackTeam "Unichess"]
[TimeControl "40/5400+30:1800+30"]

1. e4 c5 {[%emt 0:00:00]} 2. Nf3 {[%emt 0:00:00]} d6 {[%emt 0:00:00]} 3. d4 {[%emt 0:00:00]} Nf6 {[%emt 0:00:10]} 4. dxc5 {[%emt 0:00:23]} Qa5+ {[%emt 0:00:00]} 5. Nbd2 {[%emt 0:03:45]} Nxe4 {[%emt 0:16:54]} 6. b4 {[%emt 0:07:32]} Qxb4 {[%emt 0:00:13]} 7. Rb1 {[%emt 0:00:09]} Qa5 {[%emt 0:01:46]} 8. Rb5 {[%emt 0:00:51]} Qa4 {[%emt 0:02:48]} 9. Nxe4 {[%emt 0:01:17]} Qxe4+ {[%emt 0:00:25]} 10. Be3 {[%emt 0:04:54]} dxc5 {[%emt 0:15:52]} 11. Bd3 {[%emt 0:02:14]} Qd5 {[%emt 0:10:29]} 12. Rxc5 {[%emt 0:01:57]} Qd8 {[%emt 0:00:11]} 13. Ne5 {[%emt 0:02:01]} Nc6 {[%emt 0:05:15]} 14. O-O {[%emt 0:13:46]} Nxe5 {[%emt 0:05:54]} 15. Rxe5 {[%emt 0:00:43]} e6 {[%emt 0:00:42]} 16. Qg4 {[%emt 0:05:15]} Bd7 {[%emt 0:01:35]} 17. Rd1 {[%emt 0:00:54]} Qc7 {[%emt 0:04:42]} 18. Bb5 {[%emt 0:12:02]} Bc6 {[%emt 0:16:31]} 19. Bf4 {[%emt 0:02:50]} Bd6 {[%emt 0:00:51]} 20. Rxe6+ {[%emt 0:09:15]} fxe6 {[%emt 0:00:02]} 21. Bxd6 {[%emt 0:00:16]} Qf7 {[%emt 0:02:48]} 22. Bxc6+ {[%emt 0:01:21]} bxc6 {[%emt 0:00:01]} 23. c4 {[%emt 0:00:30]} Qf6 {[%emt 0:08:17]} 24. h4 {[%emt 0:02:47]} Kf7 {[%emt 0:03:10]} 25. Rd3 {[%emt 0:02:15]} Kg8 {[%emt 0:01:55]} 26. Rf3 {[%emt 0:04:45]} Qg6 {[%emt 0:00:03]} 27. Qf4 {[%emt 0:00:14]} h5 {[%emt 0:01:17]} 28. Be5 {[%emt 0:04:05]} Rh6 {[%emt 0:01:01]} 29. Kh2 {[%emt 0:01:31]} Qf5 {[%emt 0:00:08]} 30. Qd4 {[%emt 0:07:31]} Qg4 {[%emt 0:00:30]} 31. Rf4 {[%emt 0:01:37]} Qg6 {[%emt 0:00:14]} 32. Qd7 {[%emt 0:00:50]} Rf8 {[%emt 0:01:39]} 33. Qxc6 {[%emt 0:02:01]} Rf5 {[%emt 0:00:21]} 34. Qd6 {[%emt 0:02:53]} Qf7 {[%emt 0:00:39]} 35. c5 {[%emt 0:00:24]} Rxf4 {[%emt 0:00:26]} 36. Bxf4 {[%emt 0:00:02]} Rf6 {[%emt 0:00:05]} 37. Bg3 {[%emt 0:00:51]} e5 {[%emt 0:00:38]} 38. Qxe5 {[%emt 0:00:10]} Qxa2 {[%emt 0:00:18]} 39. c6 {[%emt 0:00:13]} Qf7 {[%emt 0:01:05]} 40. Qb8+ {[%emt 0:00:00]} Kh7 {[%emt 0:00:00]} 41. c7 {[%emt 0:01:13]} 1-0

[Event "35th European Club Cup 2019"]
[Site "Ulcinj"]
[Date "2019.11.12"]
[Round "3.8"]
[White "Vidit, Santosh Gujrathi"]
[Black "Grandelius, Nils"]
[Result "1/2-1/2"]
[WhiteElo "2722"]
[BlackElo "2681"]
[Annotator "TA"]
[PlyCount "103"]
[EventDate "2019.11.10"]
[EventType "team-tourn"]
[EventCountry "MNE"]
[SourceTitle "playchess.com"]
[Source "ChessBase"]
[SourceQuality "1"]
[WhiteTeam "Novy Bor"]
[BlackTeam "Valerenga"]

{[%evp 9,103,20,18,0,0,0,37,16,14,17,7,0,13,0,12,7,21,22,29,33,33,25,54,45,61,58,84,78,131,116,152,161,173,173,166,162,154,166,161,143,163,91,102,111,105,102,102,102,105,105,105,105,112,109,212,205,255,212,214,212,212,212,220,220,215,212,205,205,183,1,1,0,1,8,8,8,15,15,15,15,16,23,83,107,123,0,123,15,22,22,23,0,24,0,30,0]} 1. Nf3 c5 2. c4 Nc6 3. Nc3 e5 4. e3 Nf6 5. d4 e4 6. d5 {A34: Symmetrical English: 2 Nc3, lines with ...d5} exf3 7. dxc6 bxc6 8. e4 {White is slightly better.} Qc7 9. Qxf3 $146 ({Predecessor:} 9. gxf3 Bd6 10. Be3 O-O 11. Qd2 Re8 12. O-O-O Be5 13. Rg1 {1-0 (22) Aronian,L (2797)-Dominguez Perez,L (2726) Beijing 2014}) 9... Bd6 10. Bd3 Be5 11. h3 O-O 12. Bd2 d5 13. cxd5 cxd5 14. exd5 c4 15. Bc2 Rb8 16. Rb1 $1 Bb7 17. O-O $1 Rfe8 18. Rfd1 Qd6 (18... h6 $142) 19. Ba4 $16 Rec8 {[%cal Rf6d5]} 20. Be3 Bxc3 21. bxc3 Bxd5 22. Rxb8 Rxb8 23. Bf4 $1 ({Not} 23. Bxa7 Ra8 $17) 23... Bxf3 24. Rxd6 Be2 25. Rd2 (25. Kh2 $18 Ra8 26. f3) 25... Rb1+ 26. Kh2 {White threatens Rd8+ and mate.} Bd3 {[#] ...Ne4 is the strong threat.} 27. Bc2 $1 {[%cal Rc2b1]} Rb2 28. Bxd3 Rxd2 {[#]} 29. Bxh7+ $1 {[%mdl 512]} Kxh7 (29... Nxh7 30. Bxd2) 30. Bxd2 {[%mdl 4096] Endgame KB-KN} Ne4 31. Be1 a5 {[#]} (31... g5 $16) 32. g4 $1 $18 Kg6 33. Kg2 f5 34. Kf3 Ng5+ 35. Kg3 Kf6 36. f3 Ne6 37. Bd2 g6 38. h4 a4 39. h5 $2 (39. Bf4 $18) 39... gxh5 $1 $11 40. gxh5 Kg7 41. Kh4 Kh7 42. Bg5 Kg7 43. Be7 {Threatening Ba3.} Kh6 44. Ba3 Kg7 45. Bc1 Kh7 46. Kg3 Kg7 47. Kh4 Kh7 $1 48. h6 (48. Bd2 $16) 48... Kg6 49. Bd2 Nf8 $1 50. Bc1 Ne6 51. Bd2 Nf8 $1 52. Bc1 {Accuracy: White = 51%, Black = 65%.} 1/2-1/2

[Event "35th European Club Cup 2019"]
[Site "Ulcinj"]
[Date "2019.11.12"]
[Round "3.8"]
[White "Burg, Twan"]
[Black "Riff, Jean-Noel"]
[Result "1/2-1/2"]
[WhiteElo "2536"]
[BlackElo "2514"]
[Annotator "ChessBase"]
[PlyCount "83"]
[EventDate "2019.11.10"]
[EventType "team-tourn"]
[EventCountry "MNE"]
[SourceTitle "playchess.com"]
[Source "ChessBase"]
[SourceQuality "1"]
[WhiteTeam "Echiquier Mosan"]
[BlackTeam "Mulhouse"]
[TimeControl "40/5400+30:1800+30"]

1. c4 e6 2. Nc3 Bb4 3. Qc2 Nc6 4. d4 d6 5. Nf3 h6 6. Bg5 Nf6 7. Bd2 Qe7 8. a3 Bxc3 9. Bxc3 e5 10. dxe5 Nxe5 11. Nxe5 dxe5 12. g3 O-O 13. Bg2 a5 14. O-O Re8 15. b3 Qc5 16. Bb2 Ra6 17. Qc3 e4 18. Rad1 Bg4 19. Rd5 Qf8 20. Rxa5 Bxe2 21. Re1 Bd3 22. Rxa6 bxa6 23. h3 Qc5 24. Re3 a5 25. g4 Rb8 26. Bf1 Qb6 27. Bxd3 Qxb3 28. Bxe4 Qxb2 29. Qxb2 Rxb2 30. Bg2 Ra2 31. Re7 Ra1+ 32. Kh2 c5 33. Rc7 Rxa3 34. Rxc5 Rc3 35. Rc8+ Kh7 36. c5 a4 37. c6 a3 38. f4 g5 39. fxg5 hxg5 40. Ra8 Kg7 41. Ra5 Kg6 42. Ra8 1/2-1/2